000 00479nam a2200181Ia 4500
008 090124s9999 xx 000 0 und d
082 _b32098
_a2193
100 _aकलंदर
245 _a आणखी कानोकानी
250 _a1
260 _c2003
300 _a168
600 _aकलंदर
630 _a आणखी कानोकानी
700 _aकलंदर
730 _a आणखी कानोकानी
942 _cBOOK
999 _c145577
_d145577